000
00313nam a22001217a 4500
999
_c
13827
_d
13827
020
_a
9789699163111
082
_a
954.91
100
_a
ناظم الدین
245
_a
ڈوکیومینٹری: تاریخ و ارتقا
260
_b
آشیانہ پبلیکیشنز
_c
2019
300
_a
299 صفحات
942
_c
BK